|
|
|
|
| LEADER |
01092cam a22002531 4500 |
| 001 |
10365199 |
| 003 |
GR-PaULI |
| 005 |
20210311114628.0 |
| 008 |
751017s1966 vc h bc 000 0 ita |
| 952 |
|
|
|0 0
|1 0
|2 ddc
|4 0
|6 011_310000000000000_CAN
|7 0
|9 324052
|a LISP
|b LISP
|c DON
|d 2021-03-11
|e ΧΡΙ
|i 151123
|l 0
|o 011.31 CAN
|p 025000277979
|r 2021-03-11 00:00:00
|t 1
|w 2021-03-11
|y BKN
|
| 999 |
|
|
|c 148037
|d 148037
|
| 010 |
|
|
|a 68032992
|
| 040 |
|
|
|a DLC
|c GR-PaULI
|d
|b gre
|e AACR2
|
| 082 |
0 |
4 |
|a 011.31
|2 23
|
| 100 |
1 |
|
|a Canart, Paul
|9 185671
|e συγγραφέας.
|
| 245 |
1 |
0 |
|a Catalogue des manuscrits grecs de l'Archivio di San Pietro /
|c Canart Paul.
|
| 260 |
|
|
|a Città del Vaticano :
|b Biblioteca Apostolica Vaticana,
|c 1966.
|
| 300 |
|
|
|a 89 σ. :
|b εικ. ;
|c 26 εκ.
|
| 490 |
1 |
|
|a Studi e testi
|v 246.
|
| 504 |
|
|
|a Περιλαμβάνει βιβλιογραφικές παραπομπές.
|
| 650 |
|
4 |
|a Χειρόγραφα, Ελληνικά
|z Βατικανό.
|9 185673
|
| 830 |
|
0 |
|a Studi e testi (Biblioteca Apostolica Vaticana)
|v 246.
|9 185672
|
| 942 |
|
|
|2 ddc
|c BKN
|
| 998 |
|
|
|c ΜΠΟΥΡΑΣ
|d 2021-03
|